banner-ar

الصحة واحوال الفقراء فى مصر : (Record no. 62889)

MARC details
000 -الفاتح
حقل البيانات ثابتة الطول 00832nam a22002177a 4500
005 - وقت وتاريخ اخر تعامل مع التسجيلة
رقم الضبط 20240530110612.0
008 - عناصر البيانات ثابتة الطول - معلومات عامة
حقل البيانات ثابتة الطول 160904s2013 ua a g 000 0dara d
017 ## - رقم الايداع القانونى
رقم الايداع القانونى 2013/4085
المصدر ( الهيئة المختصة) مصر . دار الكتب المصرية
020 ## - الرقم الدولى المعيارى للكتب
الرقم الدولى المعيارى للكتاب 9789777010498
040 ## - مصدر الفهرسة
وكالة الفهرسة الأصلية EG-CaGPL
082 04 - رقم تصنيف ديوى العشرى
رقم الطبعة 21
رقم التصنيف 363.72
رقم المادة ق/ع ص
100 0# - المدخل الرئيسى - إسم شخصى
الإسم الشخصى عبدالخالق فاروق
245 12 - بيان العنوان
العنوان الصحة واحوال الفقراء فى مصر :
بقية العنوان كم ينفق المصريون على الصحة /
بيان المسئوليه,etc اعداد عبدالخالق فاروق
250 ## - بيان الطبعة
بيان الطبعة ط.1
260 ## - PUBLICATION, DISTRIBUTION, ETC. (IMPRINT)
تاريخ النشر أو التوزيع 2013 .
300 ## - الوصف المادى
التعداد 279 ص. ؛
أبعاد الوعاء 24 سم.
650 04 - المدخل الاضافى بالموضوع-مصطلح موضوعى
مصطلح موضوعي الصحه العامة
التقسيم الفرعي الجغرافي مصر
651 04 - المدخل الاضافى بالموضوع - اسم جغرافى
الاسم الجغرافي مصر
التقسيم الفرعي العام الرعاية الصحية
942 ## - عناصر المدخل الإضافي( كوها)
مصدر التصنيف او مخطط الترفيف Dewey Decimal Classification
Koha [default] item type كتاب
260 ## - PUBLICATION, DISTRIBUTION, ETC. (IMPRINT)
-- القاهرة :
-- مكتبه الشروق الدوليه،
Holdings
حالة التراجع حالة الفقد حالة تلف ليس للاعارة المكان المؤقت الموقع الحالى موقع الترفيف تاريخ الاكتساب اجمالي اﻻعارات رقم الطلب الباركود تاريخ اخر مشاهدة تاريخ تفعيل السعر نوع وعاء كوها
        مكتبة القاهرة الكبرى مكتبة القاهرة الكبرى   11/23/2016   363.72 ق/ع ص 162793 11/23/2016 11/23/2016 كتاب

Powered By

EGPV